000 00798nas a2200265 4500
001 BR9213762
003 BR-BrBNA
005 20231205095118.0
007 ta
008 230509b bl.|||p| |||| 00| 00por d
040 _aBR-BrBNA
_bpor
_cBiblioteca Nacional de Agricultura
041 _a(Pt)
072 _aF30
100 1 _aFranco, A.A.
100 1 _aSerpa, A.
100 1 _aSouto, S.M.
245 1 _aSimbiose de estirpes homologas com linhagens de Centrosema pubescens
650 _aLeguminosa
650 _aLinhagem
650 _aHibridacao
650 _aMelhoramento Genetico Vegetal
773 0 _tPesquisa Agropecuaria Brasileira. Serie Zootecnia (Brazil)
_xISSN 0304-372X
_g(1973), v. 8(2) p. 13-17
_wBR9213762
909 _a202311
_bLúcia
_c55
_dLúcia Elande
942 _2AGRIS
_n0
_cANA
999 _c148761
_d148761